| 000 | 00468nam a2200157Ia 4500 | ||
|---|---|---|---|
| 008 | 170221s9999 xx 000 0 und d | ||
| 100 | _aTan Chen | ||
| 245 | _aReliable Multipath Transmission in Data Center Network | ||
| 245 | _cTan Chen and Guangwu Hu | ||
| 260 | _bJournal of Communications | ||
| 260 | _c2012 | ||
| 300 | _a4 : | ||
| 650 | _xCommunication | ||
| 650 | _xMedia Arts | ||
| 856 | _uhttp://www.jocm.us/index.php?m=content&c=index&a=lists&catid=154 | ||
| 999 |
_c308995 _d308995 |
||